000 00366nam a2200145Ia 4500
008 260330s9999 xx 000 0 und d
020 _a9.7881219216e+012
082 _a658.8
_bBAL/S
100 _aBalaji, B.
245 0 _aServices Marketing and Management
250 _a2nd
260 _aNew Delhi
_bS.Chand And Company Ltd
_c2022
300 _a436p.
942 _cBK
999 _c53260
_d53260